00961nam a2200277 a 450000100060000000300080000600500170001400800410003102000150007203500190008704000270010604100080013308200250014110000380016624500750020425000110027926000420029030000350033250400510036765000370041865000310045570000300048694200120051699900170052895201380054566472BD-RjUL20211209081539.0170316s1980 paua b 001 0 eng  a0812107144 a(BD-RjUL)66602 aDLCcDLCdBD-RjULbeng aeng00a616.12223bCAR 19801 aGrossman, William,d1940-919672610aCardiac catheterization and angiography /cedited by William Grossman. a2d ed. aPhiladelphia :bLea & Febiger,c1980. axiii, 427 p. :bill. ;c26 cm. aIncludes bibliographical references and index. 0aCardiac catheterization.9196727 0aAngiocardiography.9196728 aGrossman, William9196729 2ddccBK c66472d66472 00102ddc40718NFICaRUCLbRUCLcReadingd1991-01-31eAsia foundationl0o616.12 CAR 1980r2017-03-16 00:00:00tC-1w2017-03-16yBK